000
00316nam a22001217a 4500
999
_c
14070
_d
14070
020
_a
9781529077629
082
_a
006.3
100
_a
Mo Gawdat
245
_a
Scary Smart: The Future of Artificial Intelligence and How You Can Save Our World
260
_a
UK
_b
Pan Macmillan
_c
2021
300
_a
326 pages
942
_c
BK